Statistics for IT movie trivia

Click here to take the quiz!

General Stats

  • This quiz has been taken 133 times
  • The average score is 16 of 40

Answer Stats

questionAnswer% Correct
after how many years does Pennywise return?27 years&
90%
where is the movie set?Derry
90%
Who is a writer when older?Bill
80%
who wrote the book on which the movie is based?Stephen King
80%
in which state?Maine
77%
who was the only loser to see the deadlights in chapter 1?Beverly
73%
Who was leaking hamburger helper?Ben
59%
What boyband is Ben secretely a fan of?New kids on the block
56%
What does bill write on Georgie's boat?SS Georgie
56%
complete the poem: "your hair is winter fire january embers..."my heart burns there too
54%
Georgie calls boats what?She
54%
What does Georgie smell in the sewer?popcorn
52%
whats the name of Bills bike?Silver
50%
which actor plays pennywise?Bill skarsgard
47%
In which form does Eddie see pennywise for the first time?A leper
46%
what are Eddie's pills?Placebo
46%
whats richie's nickname?Trashmouth
45%
what is basically piss and shit?graywater
44%
What does Stanley write on the wall when he kills himself?IT
44%
What game does Richie claim on training for during summer?Street fighter
44%
what do they say when Richie needs to shut up?beep beep Richie
41%
where does adult Mike live?In the Library
38%
what is Patricks last name?Hockstetter
37%
who dies while looking for Ben?Patrick
36%
what does Richie call henry at the end of the rock war?Mullet wearing asshole
31%
who writes loser on Eddie's cast?Greta
29%
on which street is this?Neibolt
29%
With what ritual do the losers club try to kill IT?the ritual of chud
25%
Who plays Eddie in chapter 2?James Ransone
24%
who is "walking around these tunnels with only one frickin shoe"?Betty Ripsom
23%
Who is the pharmasist?Mr. Keene
21%
finish this: he thrusts his fists against the post and still...insists he sees the ghosts
19%
In which year did the BlackSpot burn down?1962
18%
what does beverly call the losers while she jumps off the quarry?sissies
18%
what does Eddie head ask when he comes out of the matrass?Wanna play loogie
18%
what is the name of Henry's cousin?Connor
16%
whats the name of the boy pennywise kills in the mirror house?Dean
13%
Who plays Henry Bowers?Nicholas Hamilton
10%
where does Pennywise live?the well house
10%
who was pennywise's first victim in chapter 2?Aiden
3%

Score Distribution

Percentile by Number Answered

Percent of People with Each Score

Your Score History

You have not taken this quiz